UEFA European Under-21 Championship Winners - Statistics

General Stats
  • This quiz has been taken 76 times
    50 since last reset
  • The average score is 23 of 26
Answer Stats
Year Answer % Correct
1986 Spain
100%
1998 Spain
100%
2011 Spain
100%
2013 Spain
100%
2019 Spain
100%
2009 Germany
96%
2017 Germany
96%
2018 Germany
96%
1992 Italy
96%
1994 Italy
96%
1996 Italy
96%
2000 Italy
96%
2004 Italy
96%
1988 France
93%
1982 England
91%
1984 England
91%
2015 Sweden
89%
1976 Soviet Union
87%
1980 Soviet Union
87%
2006 Netherlands
80%
2007 Netherlands
80%
1972 Czechoslovakia
78%
2002 Czech Republic
78%
1978 Yugoslavia
73%
1974 Hungary
60%
1990 Soviet Union
33%
No matching quizzes found
Score Distribution
Percent of People with Each Score
Percentile by Number Answered
Your Score History
You have not taken this quiz since the last reset